| 000 | 00793nam a22002897a 4500 | ||
|---|---|---|---|
| 003 | dpl | ||
| 005 | 20240726144512.0 | ||
| 008 | 240305b |||||||| |||| 00| 0 eng d | ||
| 010 | _aENG-141013 ENG-141013 | ||
| 020 |
_c1395.00 _a9789354791994 |
||
| 035 | _aEN-124545 | ||
| 035 | _aEN-124545 | ||
| 035 | _aEN-124545 | ||
| 037 | _bDBAD | ||
| 040 | _c. | ||
| 082 | _a320.954 | ||
| 100 |
_aWanjari Soindaji Dhananjay _962808 |
||
| 245 | _aINHERITANCE , HIERARCHY AND CASTE | ||
| 260 |
_aNew Delhi _bSage Publication _c2022 |
||
| 270 |
_aB1/l - 1 mohan cooperative Indusrtrial area _bNew Delhi _e110044 |
||
| 300 |
_a340Pages _c22cm,(hb) |
||
| 700 | _962809 | ||
| 700 | _962810 | ||
| 700 | _962811 | ||
| 700 | _962818 | ||
| 942 |
_2ddc _cEN _h070.449363 _mPOO |
||
| 999 |
_c204533 _d204533 |
||